|
|
|
|
| LEADER |
00000nam a2200000 a 4500 |
| 001 |
vtls008416887 |
| 003 |
SK-MaSNL |
| 005 |
20260301221859.0 |
| 008 |
251106s2005 gw a b 100 0 ger |
| 015 |
|
|
|a SNBZSA2005-00378
|
| 020 |
|
|
|a 3631530110
|q (brož.)
|
| 035 |
|
|
|a urn:nbn:sk:snk-am00a0bu
|
| 035 |
|
|
|a urn:nbn:sk:snk-am3hc1u
|
| 035 |
|
|
|a 5BD14C44-AD81-4A1F-B58D-2CF874FFFFCC
|
| 040 |
|
|
|a SNK
|b slo
|c SNK
|e AACR2
|
| 041 |
0 |
|
|a ger
|
| 044 |
|
|
|a gw
|c DE
|
| 072 |
|
7 |
|a 304
|x Kultúrna politika
|2 konspekt
|
| 072 |
|
7 |
|a 37.014
|x Vzdelávacia a výchovná politika
|2 konspekt
|
| 080 |
|
|
|a 304.4
|x (4-191.2)
|x (063)
|2 snkbuxs
|
| 080 |
|
|
|a 37.014
|x (4-191.2)
|2 snkbuxs
|
| 245 |
0 |
4 |
|a Der kulturelle Umbruch in Ostmitteleuropa
|b der Transformationsprozess und die Bildungs- und Kulturpolitik Tschechiens, der Slowakei, Polens und Ungarns im Kontext der internationalen Beziehungen
|c Peter Bachmaier, Beata Blehova (Hrsg.)
|
| 260 |
|
|
|a Frankfurt am Main
|b Petr Lang
|c 2005
|
| 300 |
|
|
|a 342 s.
|b diagramy
|c 21 cm
|
| 490 |
1 |
|
|a St. Pöltner Osteuropa-Studien
|
| 504 |
|
|
|a Bibliogr. odkazy
|
| 648 |
|
7 |
|a 1989-2004
|2 snkbuxs
|9 329348
|
| 650 |
0 |
7 |
|a kultúrna politika
|2 snkph
|9 66926
|
| 650 |
0 |
7 |
|a vzdelávacia politika
|2 snkph
|9 3199
|
| 651 |
|
7 |
|a Európa stredná
|2 snkbuxs
|9 23970
|
| 655 |
|
7 |
|a zborníky
|2 snkph
|9 70165
|
| 700 |
1 |
|
|a Bachmaier, Peter
|d 1940-
|4 edt
|9 301108
|
| 700 |
1 |
|
|a Katrebová Blehová, Beáta,
|d 1973-
|4 edt
|9 203830
|
| 830 |
|
0 |
|a St. Pöltner Osteuropa-Studien
|9 530027
|
| 919 |
|
|
|a 3-631-53011-0
|
| 958 |
|
|
|a ZS
|
| 958 |
|
|
|a NB
|
| 958 |
|
|
|a DE
|
| 958 |
|
|
|a AT
|
| 999 |
|
|
|c 937795
|d 939725
|
| 952 |
|
|
|a SNK
|b SNK
|y PREZ
|7 0
|p 17A0494717
|o snkSC 122506
|i snk2006/2307
|8 2
|g 71.07
|0 0
|1 0
|4 0
|d 2005-12-08
|f 1
|l 0
|r 2025-06-03 00:00:00
|w 2026-02-24
|